000
003270000a22001570004500
001
000176
003
MACL
040
_a
MACL
090
_c
176
_d
176
100
_a
Malik, Kessav
245
_a
Outer Reaches
_c
Kessav Malik
260
_a
Sterling Publishers,
_c
1998
350
_a
150
650
_a
Literature
942
_k
811
_c
Book
999
_c
49483
_d
49483